Carlos Betancourt (Record no. 580)

MARC details
000 -LEADER
campo de control de longitud fija 00558nam a22001457a 4500
008 - DATOS DE LONGITUD FIJA--INFORMACIÓN GENERAL
campo de control de longitud fija 150508b xxu||||| |||| 00| 0 eng d
020 ## - NÚMERO INTERNACIONAL ESTÁNDAR DEL LIBRO
Número Internacional Estándar del Libro 8493189847
082 ## - NÚMERO DE LA CLASIFICACIÓN DECIMAL DEWEY
Número de clasificación 708
Número de ítem Z 396c
100 ## - ENTRADA PRINCIPAL--NOMBRE DE PERSONA
Nombre de persona Zaya, Antonio (curador); Farris Thompson, Robert
9 (RLIN) 2614
245 ## - MENCIÓN DEL TÍTULO
Título Carlos Betancourt
Mención de responsabilidad, etc. Zaya, Antonio; Farris Thompson, Robert
260 ## - PUBLICACIÓN, DISTRIBUCIÓN, ETC.
Nombre del editor, distribuidor, etc. Lanzarote : Cabildo insular de Lanzarote
Fecha de publicación, distribución, etc. 2002
300 ## - DESCRIPCIÓN FÍSICA
Extensión 79 p.
Otras características físicas ill. (col)
Dimensiones 17x23 cm
650 ## - PUNTO DE ACCESO ADICIONAL DE MATERIA--TÉRMINO DE MATERIA
Subdivisión general Betancourt,Carlos-1966-Exhibición
-- Arte moderno
-- S.20
9 (RLIN) 2615
700 ## - ENTRADA AGREGADA--NOMBRE PERSONAL
Nombre de persona Antonio Zaya (curador); Robert Farris Thompson
9 (RLIN) 2616
Holdings
Estatus retirado Estado de pérdida Fuente del sistema de clasificación o colocación Estado de daño No para préstamo Biblioteca de origen Biblioteca actual Ubicación en estantería Fecha de adquisición Total de préstamos Signatura topográfica completa Código de barras Visto por última vez Precio de reemplazo Tipo de ítem Koha
    Clasificación Decimal Dewey     Biblioteca LadoV Biblioteca LadoV   08/05/2015   708 Z 396c 000616 08/05/2015 08/05/2015 Material 01